Normal view
MARC view
Entry Personal Name
001 - CONTROL NUMBER
- control field: 729982
003 - CONTROL NUMBER IDENTIFIER
- control field: OSt
005 - DATE AND TIME OF LATEST TRANSACTION
- control field: 20250108124850.0
008 - FIXED-LENGTH DATA ELEMENTS
- fixed length control field: 250108|| aca||aabn | a|a d
040 ## - CATALOGING SOURCE
- Original cataloging agency: OSt
- Transcribing agency: OSt
100 ## - HEADING--PERSONAL NAME
- Personal name: भाला, लक्ष्मीनारायण, ‘लक्खीदा’, ले
670 ## - SOURCE DATA FOUND
- Source citation: Work cat.: (OSt)1234878: भाला, लक्ष्मीनारायण, ‘लक्खीदा’, ले., शिक्षा - पन्चामृत, 2490
